NHL Teams - One Minute Sprint - Statistics

General Stats
  • This quiz has been taken 75 times
  • The average score is 23 of 32
Answer Stats
Answer % Correct
Boston Bruins
93%
Montreal Canadiens
90%
Tampa Bay Lightning
90%
Pittsburgh Penguins
80%
Anaheim Ducks
78%
Florida Panthers
78%
New York Rangers
78%
Ottawa Senators
78%
Toronto Maple Leafs
78%
Colorado Avalanche
75%
Dallas Stars
75%
Detroit Red Wings
75%
New York Islanders
75%
Philadelphia Flyers
73%
San Jose Sharks
73%
Seattle Kraken
73%
Buffalo Sabres
70%
Edmonton Oilers
70%
Los Angeles Kings
70%
Washington Capitals
70%
Arizona Coyotes
68%
Calgary Flames
68%
Chicago Blackhawks
68%
Vancouver Canucks
68%
Minnesota Wild
65%
New Jersey Devils
65%
Winnipeg Jets
65%
Nashville Predators
63%
Carolina Hurricanes
60%
Columbus Blue Jackets
60%
Vegas Golden Knights
60%
St. Louis Blues
55%
No matching quizzes found
Score Distribution
Percent of People with Each Score
Percentile by Number Answered
Your Score History
You have not taken this quiz